ნორმალური ფორმატი
MARC ფორმატი
ჩანაწერი Personal Name
ჩანაწერთა რაოდენობა, რომელიც გამოყენებულია: 1
001 - CONTROL NUMBER
- control field: 11997
003 - CONTROL NUMBER IDENTIFIER
- control field: GE_BSU
005 - DATE AND TIME OF LATEST TRANSACTION
- control field: 20210609110835.0
008 - FIXED-LENGTH DATA ELEMENTS
- fixed length control field: 210609|| aca||aabn | a|a d
040 ## - CATALOGING SOURCE
- Original cataloging agency: GE_BSU
- Transcribing agency: GE_BSU
100 ## - HEADING--PERSONAL NAME
- Personal name: ტრეგუბოვი, ანდრეი
670 ## - SOURCE DATA FOUND
- Source citation: Work cat.: (GE_BSU): ტრეგუბოვი, ანდრეი, შავი ზღვის საქართველოს სანაპირო ზოლის ორსაგდულიანი მოლუსკის - Anadara inaequivalvis (Bruguire, 1989) ბიოეკოლოგია /)
